[Event "Helmut-Kohls-Turnier 2012"]
[Site "Dortmund GER"]
[Date "2012.07.14"]
[Round "1"]
[White "Saltaev, Mihail"]
[Black "Becker, Marcel"]
[Result "1/2-1/2"]
[WhiteTitle "GM"]
[BlackTitle "FM"]
[WhiteElo "2480"]
[BlackElo "2427"]
[WhiteFideId "14200058"]
[BlackFideId "4628446"]
[EventDate "2012.07.14"]

1. e4 c6 2. d4 d5 3. Nd2 dxe4 4. Nxe4 Bf5 5. Ng3 Bg6 6. Nh3 e6 7. c3 Bd6 8. Nf4
Qc7 9. Qf3 Nf6 10. h4 Nbd7 11. h5 Bc2 12. h6 gxh6 13. Bd3 Bxd3 14. Nxd3 Rg8 15.
Ne2 O-O-O 16. Rxh6 Rg6 17. Rxg6 hxg6 18. Bg5 Be7 19. Bf4 Qa5 20. Ne5 Nxe5 21.
Bxe5 Qd5 22. Qxd5 cxd5 23. f3 Nd7 24. Bg3 Rh8 25. Kf2 Bh4 26. Rh1 Bxg3+ 27. Nxg3
Rxh1 28. Nxh1 Kc7 29. Ke3 g5 30. Nf2 Kd6 31. b3 Nb8 32. Ng4 Nc6 33. Nf6 Ke7 34.
Ng8+ Kf8 35. Nf6 Ke7 36. Ng8+ Kf8 37. Nf6 Ke7 1/2-1/2

[Event "Helmut-Kohls-Turnier 2012"]
[Site "Dortmund GER"]
[Date "2012.07.14"]
[Round "1"]
[White "Zaragatski, Ilja"]
[Black "Loetscher, Roland"]
[Result "1-0"]
[WhiteTitle "IM"]
[BlackTitle "FM"]
[WhiteElo "2462"]
[BlackElo "2402"]
[WhiteFideId "4655192"]
[BlackFideId "1305239"]
[EventDate "2012.07.14"]

1. e4 e5 2. Nf3 Nc6 3. Bb5 a6 4. Ba4 Nf6 5. O-O Be7 6. Re1 b5 7. Bb3 d6 8. c3
O-O 9. d4 Bg4 10. d5 Na5 11. Bc2 c6 12. h3 Bc8 13. dxc6 Qc7 14. Nbd2 Qxc6 15. a4
Bd7 16. Qe2 b4 17. c4 Nh5 18. b3 Nf4 19. Qd1 Qc8 20. Nf1 Nc6 21. Ra2 Re8 22.
Bxf4 exf4 23. Qd2 Ne5 24. Qxf4 Nxf3+ 25. Qxf3 Bf6 26. Rd1 Qc5 27. Bb1 Be6 28.
Rad2 Rad8 29. Ne3 Bc3 30. Rd3 Be5 31. Nd5 a5 32. Kh1 Qa7 33. Qe3 Qxe3 34. Nxe3
Kf8 35. c5 Ke7 36. c6 Rc8 37. Nd5+ Bxd5 38. exd5 Kf8 39. Re3 Bc3 40. Rxe8+ Rxe8
41. Bf5 Re7 42. Bd7 Rxd7 43. cxd7 Ke7 44. Kg1 Kxd7 45. Kf1 Kc7 46. Ke2 Kb6 47.
Kd3 Kc5 48. Ke4 h5 49. g4 h4 50. g5 Be5 51. g6 fxg6 52. Rg1 Bd4 53. Rxg6 Bxf2
54. Rxg7 Bg3 55. Rc7+ Kb6 56. Rc6+ Kb7 1-0

[Event "Helmut-Kohls-Turnier 2012"]
[Site "Dortmund GER"]
[Date "2012.07.14"]
[Round "1"]
[White "Meins, Gerlef"]
[Black "Poetsch, Hagen"]
[Result "1-0"]
[WhiteTitle "IM"]
[BlackTitle "IM"]
[WhiteElo "2475"]
[BlackElo "2436"]
[WhiteFideId "4620895"]
[BlackFideId "24615137"]
[EventDate "2012.07.14"]

1. d4 Nf6 2. c4 e6 3. Nc3 Bb4 4. e3 O-O 5. Bd3 c5 6. Nf3 Nc6 7. O-O d5 8. a3
Bxc3 9. bxc3 dxc4 10. Bxc4 Qc7 11. Bb2 e5 12. h3 Bf5 13. Bb5 Qb6 14. a4 Rfd8 15.
Qe2 e4 16. Nd2 a6 17. Nc4 Qc7 18. Bxc6 Qxc6 19. Ba3 Nd7 20. a5 Be6 21. Nd2 f5
22. c4 cxd4 23. exd4 Bf7 24. d5 Qc7 25. Bb2 Re8 26. Qe3 Ne5 27. Qd4 Bh5 28. Qb6
Qf7 29. Bxe5 Rxe5 30. Rfe1 Rae8 31. Rab1 f4 32. Qxb7 Qf5 33. d6 f3 34. d7 Rf8
35. Rxe4 fxg2 36. Kh2 Qxf2 37. Rg1 Rg5 38. Qc7 Qxd2 39. c5 Qd5 40. Rf4 Ra8 41.
Qc8+ 1-0

[Event "Helmut-Kohls-Turnier 2012"]
[Site "Dortmund GER"]
[Date "2012.07.15"]
[Round "2"]
[White "Loetscher, Roland"]
[Black "Orlov, Andrey"]
[Result "0-1"]
[WhiteTitle "FM"]
[BlackTitle "GM"]
[WhiteElo "2402"]
[BlackElo "2527"]
[WhiteFideId "1305239"]
[BlackFideId "4125282"]
[EventDate "2012.07.14"]

1. d4 d6 2. Nf3 Bg4 3. c4 Nd7 4. Nc3 e5 5. h3 Bh5 6. g4 Bg6 7. Bg2 c6 8. h4 h5
9. g5 Nb6 10. b3 e4 11. Ng1 d5 12. c5 Nc8 13. a3 Nge7 14. f4 Bf5 15. Be3 Ng6 16.
Qd2 Qc7 17. O-O-O Nce7 18. Bf2 Bg4 19. e3 Nf5 20. Nce2 b6 21. b4 Be7 22. Qc2 O-O
23. Kd2 bxc5 24. bxc5 Rfb8 25. Ra1 Qc8 26. Ra2 Bd8 27. Qa4 a5 28. Bf1 Qe6 29.
Rh2 Rb7 30. Kc2 Rab8 31. Nc1 Bc7 32. Ba6 Ra7 33. Bf1 f6 34. Nce2 Rab7 35. Nc1
fxg5 36. hxg5 h4 37. Nce2 Kf7 38. Rh1 Rh8 39. Rb2 Rxb2+ 40. Kxb2 h3 41. Rh2 Nge7
42. Nc1 Qc8 43. Ka2 Qb8 44. Nxh3 g6 45. Ne2 Rh5 46. Qb3 Qh8 47. Qb7 0-1

[Event "Helmut-Kohls-Turnier 2012"]
[Site "Dortmund GER"]
[Date "2012.07.15"]
[Round "2"]
[White "Andersen, Mads"]
[Black "Zaragatski, Ilja"]
[Result "1-0"]
[WhiteTitle "IM"]
[BlackTitle "IM"]
[WhiteElo "2459"]
[BlackElo "2462"]
[WhiteFideId "1413864"]
[BlackFideId "4655192"]
[EventDate "2012.07.14"]

1. d4 Nf6 2. c4 c5 3. d5 b5 4. cxb5 a6 5. bxa6 g6 6. Nc3 Bxa6 7. Nf3 d6 8. e4
Bxf1 9. Kxf1 Bg7 10. g3 O-O 11. Kg2 Nbd7 12. a4 Qa5 13. Bd2 Rfb8 14. Nb5 Qb6 15.
Qc2 Ne8 16. Ra3 Nc7 17. Nxc7 Qxc7 18. b4 Qa7 19. Rb1 cxb4 20. Rxb4 Rxb4 21. Bxb4
Rb8 22. Bd2 Nc5 23. Qc4 Qa6 24. Qxa6 Nxa6 25. a5 f5 26. exf5 Rb5 27. fxg6 hxg6
28. Rd3 Nc7 29. Ng5 Bh6 30. Ne6 Nxe6 31. Bxh6 Nc7 32. Bd2 Nxd5 33. a6 Nc7 34. a7
Kf7 35. Rc3 Rc5 36. Rxc5 dxc5 37. Ba5 Na8 38. Kf3 Ke6 39. Ke4 Kd6 40. h4 1-0

[Event "Helmut-Kohls-Turnier 2012"]
[Site "Dortmund GER"]
[Date "2012.07.15"]
[Round "2"]
[White "Saltaev, Mihail"]
[Black "Bluebaum, Matthias"]
[Result "1-0"]
[WhiteTitle "GM"]
[BlackTitle "IM"]
[WhiteElo "2480"]
[BlackElo "2431"]
[WhiteFideId "14200058"]
[BlackFideId "24651516"]
[EventDate "2012.07.14"]

1. e4 e6 2. d4 d5 3. Nd2 Nf6 4. Bd3 c5 5. c3 Nc6 6. Ngf3 Be7 7. O-O cxd4 8. cxd4
dxe4 9. Nxe4 O-O 10. Be3 Nb4 11. Nxf6+ Bxf6 12. Be4 Nd5 13. Qb3 Qd6 14. Rac1 Bd7
15. Bxd5 Qxd5 16. Qxd5 exd5 17. Rc5 b6 18. Rc7 Bf5 19. Ne5 Bd8 20. Rc3 Bf6 21.
Rfc1 Rfc8 22. Nc6 Be6 23. Bf4 g6 24. Be5 Kg7 25. f4 h6 26. h4 a5 27. Kf2 Re8 28.
a3 Bd7 29. Bxf6+ Kxf6 30. Ne5 Be6 31. Rc6 Kg7 32. Rxb6 Rab8 33. Rcc6 Rxb6 34.
Rxb6 Rc8 35. Nc6 1-0

[Event "Helmut-Kohls-Turnier 2012"]
[Site "Dortmund GER"]
[Date "2012.07.16"]
[Round "3"]
[White "Bluebaum, Matthias"]
[Black "Becker, Marcel"]
[Result "1/2-1/2"]
[WhiteTitle "IM"]
[BlackTitle "FM"]
[WhiteElo "2431"]
[BlackElo "2427"]
[WhiteFideId "24651516"]
[BlackFideId "4628446"]
[EventDate "2012.07.14"]

1. d4 d5 2. c4 c6 3. Nc3 Nf6 4. e3 Bg4 5. f3 Bf5 6. cxd5 cxd5 7. Qb3 Bc8 8. Bd3
Nc6 9. Nge2 e6 10. O-O Bd6 11. Bd2 O-O 12. Rfc1 e5 13. Kh1 Be6 14. Qd1 Rc8 15.
Be1 exd4 16. exd4 Nh5 17. Qd2 Qf6 18. Bf2 Bb8 19. Re1 Kh8 20. Rac1 Nf4 21. Bb1
a6 22. Be3 Nxe2 23. Nxe2 Bf5 24. Bxf5 Qxf5 25. Bf2 Rfe8 26. Rcd1 Re6 27. Ng3
Bxg3 28. Bxg3 Rce8 29. h3 h6 30. Kh2 Qf6 31. Bf2 Qg5 32. Rxe6 Rxe6 33. Qd3 Qf4+
34. Bg3 Qg5 35. h4 Qe7 36. Qb3 Qd7 37. Qd3 Ne7 38. Rc1 Rc6 39. Rxc6 Nxc6 40. a3
Ne7 41. Qe3 Nc6 1/2-1/2

[Event "Helmut-Kohls-Turnier 2012"]
[Site "Dortmund GER"]
[Date "2012.07.16"]
[Round "3"]
[White "Zaragatski, Ilja"]
[Black "Saltaev, Mihail"]
[Result "1-0"]
[WhiteTitle "IM"]
[BlackTitle "GM"]
[WhiteElo "2462"]
[BlackElo "2480"]
[WhiteFideId "4655192"]
[BlackFideId "14200058"]
[EventDate "2012.07.14"]

1. e4 c6 2. d4 d5 3. exd5 cxd5 4. c4 Nf6 5. Nc3 e6 6. c5 Be7 7. Qc2 O-O 8. Nf3
b6 9. b4 Bb7 10. Rb1 Nbd7 11. Bd3 Rc8 12. O-O g6 13. Re1 Nh5 14. Bh6 Ng7 15. h3
a6 16. Qe2 Ra8 17. Rbc1 Re8 18. Nd1 bxc5 19. bxc5 Bc6 20. Qd2 Nf5 21. Bf4 Bf6
22. Bxf5 exf5 23. Rxe8+ Qxe8 24. Nb2 Nf8 25. Nd3 Ne6 26. Be5 Bd8 27. Nf4 Ra7 28.
Nxe6 Qxe6 29. Re1 Qd7 30. Bb8 Ra8 31. Ne5 Qb7 32. Bd6 Bf6 33. Qc2 Bd8 34. Rb1
Qc8 35. Qb3 Kg7 36. Nxc6 Qxc6 37. Qb7 Rc8 38. Be5+ 1-0

[Event "Helmut-Kohls-Turnier 2012"]
[Site "Dortmund GER"]
[Date "2012.07.16"]
[Round "3"]
[White "Orlov, Andrey"]
[Black "Andersen, Mads"]
[Result "1-0"]
[WhiteTitle "GM"]
[BlackTitle "IM"]
[WhiteElo "2527"]
[BlackElo "2459"]
[WhiteFideId "4125282"]
[BlackFideId "1413864"]
[EventDate "2012.07.14"]

1. e4 c5 2. Nf3 e6 3. b3 a6 4. Bb2 Nc6 5. g3 Qc7 6. Bg2 b5 7. O-O Bb7 8. a4 b4
9. d3 Nf6 10. e5 Nd5 11. Nbd2 Be7 12. Nc4 f6 13. Qd2 O-O 14. Rae1 fxe5 15. Nfxe5
Nxe5 16. Bxe5 d6 17. Bb2 e5 18. f4 exf4 19. Qe2 Ne3 20. Nxe3 fxe3 21. Qg4 Bf6
22. Bxf6 Bxg2 23. Kxg2 e2 24. Rxe2 Kh8 25. Re7 Qc6+ 26. Kg1 1-0

[Event "Helmut-Kohls-Turnier 2012"]
[Site "Dortmund GER"]
[Date "2012.07.16"]
[Round "3"]
[White "Poetsch, Hagen"]
[Black "Schmittdiel, Eckhard"]
[Result "1-0"]
[WhiteTitle "IM"]
[BlackTitle "GM"]
[WhiteElo "2436"]
[BlackElo "2460"]
[WhiteFideId "24615137"]
[BlackFideId "4600096"]
[EventDate "2012.07.14"]

1. e4 c5 2. Nf3 Nc6 3. d4 cxd4 4. Nxd4 e5 5. Nb5 d6 6. N1c3 a6 7. Na3 b5 8. Nd5
Be7 9. c4 b4 10. Nc2 a5 11. Be3 Rb8 12. Qd3 Nf6 13. Be2 O-O 14. O-O Rb7 15. b3
Nxd5 16. cxd5 Nb8 17. a3 f5 18. axb4 fxe4 19. Qd2 axb4 20. Nxb4 Qe8 21. Rfc1 Bd7
22. Ra8 Bb5 23. Nc6 Bxe2 24. Qxe2 Qf7 25. Na5 Rb4 26. Ra7 Re8 27. Rcc7 Qf6 28.
Qh5 g6 29. Qh6 Rb5 30. Nc4 Rxd5 31. Nd2 Rd3 32. h4 Rxe3 33. Qxe3 d5 34. Qc3 Bf8
35. Rc8 Rxc8 36. Qxc8 Nc6 37. Ra6 Ne7 38. Rxf6 Nxc8 39. Rc6 Nd6 40. Rc5 Kf7 41.
Rxd5 Ke6 42. Ra5 Be7 43. g3 h5 44. Kf1 g5 45. Ra6 gxh4 46. Nxe4 hxg3 47. fxg3
Kd5 48. Nxd6 Bxd6 49. Rxd6+ Kxd6 50. Ke2 Kc5 51. Ke3 Kb4 52. Ke4 Kxb3 53. Kxe5
Kc4 54. Kf5 Kd5 55. Kg5 1-0

[Event "Helmut-Kohls-Turnier 2012"]
[Site "Dortmund GER"]
[Date "2012.07.17"]
[Round "4"]
[White "Becker, Marcel"]
[Black "Schmittdiel, Eckhard"]
[Result "1/2-1/2"]
[WhiteTitle "FM"]
[BlackTitle "GM"]
[WhiteElo "2427"]
[BlackElo "2460"]
[WhiteFideId "4628446"]
[BlackFideId "4600096"]
[EventDate "2012.07.14"]

1. d4 e6 2. c4 f5 3. Nf3 Nf6 4. Nc3 Bb4 5. Qb3 Qe7 6. g3 a5 7. Bd2 Nc6 8. a3
Bxc3 9. Bxc3 Ne4 10. Bg2 a4 11. Qc2 d5 12. O-O O-O 13. Be1 Bd7 14. Rd1 Rfc8 15.
Ne5 Be8 16. f3 Nd6 17. cxd5 exd5 18. Qc5 Qe6 19. e4 Ne7 20. exd5 Nxd5 21. f4 Ne4
22. Bxe4 fxe4 23. f5 Qd6 24. Qc4 Rd8 25. Bb4 Qa6 26. Qxa6 Rxa6 27. Rfe1 Nxb4 28.
axb4 Rb6 29. Rxe4 Rxb4 30. Rd2 c5 31. Kf2 b5 32. Ke3 cxd4+ 33. Kf4 Rb3 34. Nd3
Bc6 35. Nc5 Rb4 36. Re7 Bd5 37. Ke5 Bf7 38. Ne6 Re8 39. Rxe8+ Bxe8 40. Nxd4 Rc4
41. Rc2 Rxc2 42. Nxc2 Bh5 1/2-1/2

[Event "Helmut-Kohls-Turnier 2012"]
[Site "Dortmund GER"]
[Date "2012.07.17"]
[Round "4"]
[White "Loetscher, Roland"]
[Black "Poetsch, Hagen"]
[Result "1/2-1/2"]
[WhiteTitle "FM"]
[BlackTitle "IM"]
[WhiteElo "2402"]
[BlackElo "2436"]
[WhiteFideId "1305239"]
[BlackFideId "24615137"]
[EventDate "2012.07.14"]

1. d4 Nf6 2. c4 e6 3. g3 d5 4. Bg2 dxc4 5. Nf3 a6 6. O-O Nc6 7. Bg5 h6 8. Bxf6
Qxf6 9. Nc3 Bb4 10. e3 O-O 11. Qe2 Bd7 12. Qxc4 Bd6 13. Rac1 Qe7 14. Rfd1 Rac8
15. Qe2 Rfe8 16. a3 Rcd8 17. Ne4 Bc8 18. Nxd6 cxd6 19. d5 Nb8 20. dxe6 fxe6 21.
Nd2 Nd7 22. Rc7 d5 23. Rdc1 Qd6 24. Qg4 Qe5 25. Nf3 Qf6 26. R1c2 e5 27. Nh4 Nb6
28. Qh5 g5 29. Nf3 Bf5 30. Rc1 d4 31. Rxb7 Be4 32. Ra7 Rf8 33. Rxa6 Rd6 34. Ra5
dxe3 35. fxe3 Rd2 36. Rf1 Rxg2+ 37. Kxg2 Nc4 38. Kg1 Nxe3 39. Rf2 Bxf3 40. Rxf3
Qxf3 41. Qg6+ Kh8 42. Qxh6+ Kg8 43. Qxg5+ Kh8 44. Qxe5+ Rf6 45. Ra8+ Kh7 46.
Qe7+ Rf7 47. Qh4+ Kg6 48. Ra6+ Kf5 49. Qf4+ Qxf4 50. gxf4 Kxf4 51. Kf2 Nd1+ 52.
Ke2 Nxb2 53. Rc6 Ke4 54. Kd2 Kd4 55. Rd6+ Kc5 56. Rh6 Nc4+ 57. Ke2 Nxa3 58. Rh3
Nc4 59. Rf3 Rh7 60. h3 Ne5 61. Re3 Kd4 62. Ra3 Ke4 63. Ra4+ Kf5 64. h4 Rb7 65.
h5 Rb2+ 66. Ke3 Rh2 67. Rf4+ Ke6 68. Rf8 Rxh5 69. Ra8 Rh3+ 70. Ke4 Rh4+ 71. Ke3
Nc6 72. Ra6 Kd5 73. Ra8 Re4+ 74. Kf3 Nd4+ 75. Kg3 Re3+ 76. Kg4 Ke5 77. Ra5+ Ke4
78. Ra8 Nc6 79. Ra4+ Ke5 80. Ra8 Ne7 81. Re8 Kf6 82. Rf8+ Ke6 83. Rf3 Re2 84.
Rf8 Re1 85. Ra8 Rf1 86. Ra2 Nc6 87. Ra6 Kd5 88. Kg5 Nd4 89. Ra5+ Ke4 90. Ra4 Rf2
91. Kg6 Rf3 1/2-1/2

[Event "Helmut-Kohls-Turnier 2012"]
[Site "Dortmund GER"]
[Date "2012.07.17"]
[Round "4"]
[White "Andersen, Mads"]
[Black "Meins, Gerlef"]
[Result "1/2-1/2"]
[WhiteTitle "IM"]
[BlackTitle "IM"]
[WhiteElo "2459"]
[BlackElo "2475"]
[WhiteFideId "1413864"]
[BlackFideId "4620895"]
[EventDate "2012.07.14"]

1. e4 c5 2. Nf3 Nc6 3. d4 cxd4 4. Nxd4 e5 5. Nb5 d6 6. N1c3 a6 7. Na3 Be7 8. Nc4
b5 9. Ne3 Nf6 10. Bd3 O-O 11. O-O Nd4 12. Ncd5 Ne6 13. a4 Bb7 14. axb5 axb5 15.
Rxa8 Bxa8 16. Nf5 Nxd5 17. exd5 Bxd5 18. Nxe7+ Qxe7 19. Bxh7+ Kxh7 20. Qxd5 Qc7
21. c3 Rb8 22. Be3 b4 23. Qe4+ Kg8 24. cxb4 Qb7 25. Qxb7 Rxb7 26. Rd1 Rxb4 27.
Rxd6 Rxb2 28. g4 Rb4 29. h3 Kf8 30. Kg2 Ke7 31. Ra6 1/2-1/2

[Event "Helmut-Kohls-Turnier 2012"]
[Site "Dortmund GER"]
[Date "2012.07.17"]
[Round "4"]
[White "Saltaev, Mihail"]
[Black "Orlov, Andrey"]
[Result "1/2-1/2"]
[WhiteTitle "GM"]
[BlackTitle "GM"]
[WhiteElo "2480"]
[BlackElo "2527"]
[WhiteFideId "14200058"]
[BlackFideId "4125282"]
[EventDate "2012.07.14"]

1. e4 e5 2. Nf3 Nf6 3. Nxe5 d6 4. Nf3 Nxe4 5. Qe2 Qe7 6. d3 Nf6 7. Bg5 Qxe2+ 8.
Bxe2 Be7 9. Nc3 c6 10. O-O-O Na6 11. h3 O-O 12. Rhe1 Nc7 13. d4 Re8 14. Bd3 Bd7
15. Re2 h6 16. Bh4 Ncd5 17. Nxd5 Nxd5 18. Bxe7 Rxe7 19. Rxe7 Nxe7 20. Re1 Re8
21. Kd2 Kf8 22. a3 Nd5 23. Rxe8+ Kxe8 24. h4 Nf4 25. Bf1 Bf5 26. g3 Nd5 27. Bd3
Bxd3 28. Kxd3 Ke7 29. Ke4 Nf6+ 30. Kf4 Nd5+ 31. Ke4 Nf6+ 32. Kf4 1/2-1/2

[Event "Helmut-Kohls-Turnier 2012"]
[Site "Dortmund GER"]
[Date "2012.07.17"]
[Round "4"]
[White "Bluebaum, Matthias"]
[Black "Zaragatski, Ilja"]
[Result "1-0"]
[WhiteTitle "IM"]
[BlackTitle "IM"]
[WhiteElo "2431"]
[BlackElo "2462"]
[WhiteFideId "24651516"]
[BlackFideId "4655192"]
[EventDate "2012.07.14"]

1. d4 Nf6 2. c4 c5 3. d5 b5 4. cxb5 a6 5. bxa6 g6 6. Nc3 Bxa6 7. g3 d6 8. Bg2
Bg7 9. Nf3 Nfd7 10. O-O Nb6 11. Qc2 N8d7 12. Rd1 O-O 13. Rb1 Nc4 14. Nd2 Qa5 15.
Nxc4 Bxc4 16. Bd2 Bxc3 17. Bxc3 Qxa2 18. Qd2 Nb6 19. Qe3 Rfc8 20. Qh6 f6 21. e4
Be2 22. Re1 Bg4 23. h3 Bd7 24. h4 Kh8 25. h5 Rg8 26. Qf4 gxh5 27. Bxf6+ exf6 28.
Qxf6+ Rg7 29. e5 Nxd5 30. Qxd6 Nf4 31. e6 Rxg3 32. Qxf4 Rg7 33. exd7 Rag8 34.
Qe5 h4 35. Rbd1 h3 36. d8=Q hxg2 37. Qxg8+ Qxg8 38. Qe8 1-0

[Event "Helmut-Kohls-Turnier 2012"]
[Site "Dortmund GER"]
[Date "2012.07.18"]
[Round "5"]
[White "Andersen, Mads"]
[Black "Schmittdiel, Eckhard"]
[Result "1/2-1/2"]
[WhiteTitle "IM"]
[BlackTitle "GM"]
[WhiteElo "2459"]
[BlackElo "2460"]
[WhiteFideId "1413864"]
[BlackFideId "4600096"]
[EventDate "2012.07.14"]

1. d4 Nf6 2. c4 e6 3. g3 c5 4. d5 exd5 5. cxd5 d6 6. Nc3 g6 7. Bg2 Bg7 8. Nf3
O-O 9. O-O Re8 10. Nd2 a6 11. a4 Nbd7 12. h3 Rb8 13. Nc4 Nb6 14. Na3 Na8 15. e4
Nc7 16. Nc4 b5 17. axb5 axb5 18. Na5 Bd7 19. Nc6 Bxc6 20. dxc6 b4 21. Nd5 Nfxd5
22. exd5 Ra8 23. Rxa8 Qxa8 24. b3 Bc3 25. Bf4 Qd8 26. Qd3 f5 27. h4 Qf6 28. Rc1
Kg7 29. Bd2 Bxd2 30. Qxd2 Ra8 31. Bf1 Ra1 32. Rxa1 Qxa1 33. Kg2 Qe5 34. Bc4 h6
35. Qa2 Qe4+ 36. Kh2 Qe7 37. Qa7 Qd8 38. Kg2 h5 39. Kg1 Kf7 40. Kg2 Kg7 41. Qa1+
Qf6 42. Qa7 Qd8 1/2-1/2

[Event "Helmut-Kohls-Turnier 2012"]
[Site "Dortmund GER"]
[Date "2012.07.18"]
[Round "5"]
[White "Saltaev, Mihail"]
[Black "Poetsch, Hagen"]
[Result "1/2-1/2"]
[WhiteTitle "GM"]
[BlackTitle "IM"]
[WhiteElo "2480"]
[BlackElo "2436"]
[WhiteFideId "14200058"]
[BlackFideId "24615137"]
[EventDate "2012.07.14"]

1. e4 e6 2. d4 d5 3. Nd2 Nf6 4. Bd3 c5 5. c3 Nc6 6. Ngf3 cxd4 7. cxd4 dxe4 8.
Nxe4 Be7 9. O-O O-O 10. Be3 Nb4 11. Nxf6+ Bxf6 12. Be4 Nd5 13. Qd3 h6 14. Ne5
Nxe3 15. fxe3 Bxe5 16. dxe5 Qxd3 17. Bxd3 Bd7 18. Be4 Rac8 19. Rac1 Rxc1 20.
Rxc1 Rc8 21. Rxc8+ 1/2-1/2

[Event "Helmut-Kohls-Turnier 2012"]
[Site "Dortmund GER"]
[Date "2012.07.18"]
[Round "5"]
[White "Bluebaum, Matthias"]
[Black "Meins, Gerlef"]
[Result "0-1"]
[WhiteTitle "IM"]
[BlackTitle "IM"]
[WhiteElo "2431"]
[BlackElo "2475"]
[WhiteFideId "24651516"]
[BlackFideId "4620895"]
[EventDate "2012.07.14"]

1. d4 Nf6 2. c4 e6 3. Nf3 b6 4. g3 Bb7 5. Bg2 Be7 6. O-O O-O 7. Re1 Qc8 8. Ne5
Bxg2 9. Kxg2 Qb7+ 10. Nf3 c5 11. dxc5 Bxc5 12. Nc3 Rc8 13. b3 d5 14. Bb2 dxc4
15. bxc4 Ng4 16. e3 Nd7 17. Nb5 Nde5 18. Bxe5 Nxe5 19. Rc1 Rd8 20. Nd4 Bxd4 21.
exd4 Rxd4 22. Qxd4 Nxf3 23. Qe4 Nxe1+ 24. Rxe1 Qxe4+ 25. Rxe4 Kf8 26. Kf3 Ke7
27. Ke2 Rc8 28. Kd3 Rc5 29. Re2 Ra5 30. Kc3 g5 31. h3 h5 0-1

[Event "Helmut-Kohls-Turnier 2012"]
[Site "Dortmund GER"]
[Date "2012.07.18"]
[Round "5"]
[White "Zaragatski, Ilja"]
[Black "Orlov, Andrey"]
[Result "1/2-1/2"]
[WhiteTitle "IM"]
[BlackTitle "GM"]
[WhiteElo "2462"]
[BlackElo "2527"]
[WhiteFideId "4655192"]
[BlackFideId "4125282"]
[EventDate "2012.07.14"]

1. e4 e6 2. d4 d5 3. Nc3 Nf6 4. Bg5 dxe4 5. Nxe4 Nbd7 6. Nf3 Be7 7. Nxf6+ Bxf6
8. Bxf6 Qxf6 9. Bd3 c5 10. c3 cxd4 11. Nxd4 O-O 12. O-O Ne5 13. Bc2 Rd8 14. Qe2
Bd7 15. Rad1 g6 16. Rfe1 Nc6 17. Be4 Nxd4 18. Rxd4 Bc6 19. Red1 Rxd4 20. Rxd4
Rd8 21. Rxd8+ Qxd8 22. Bxc6 bxc6 23. g3 h5 24. h4 Qd5 25. b4 Qf5 26. Qd2 c5 27.
bxc5 Qxc5 28. Qd4 Qxd4 29. cxd4 Kf8 30. Kg2 Ke7 31. Kf3 Kd6 1/2-1/2

[Event "Helmut-Kohls-Turnier 2012"]
[Site "Dortmund GER"]
[Date "2012.07.19"]
[Round "6"]
[White "Orlov, Andrey"]
[Black "Bluebaum, Matthias"]
[Result "1-0"]
[WhiteTitle "GM"]
[BlackTitle "IM"]
[WhiteElo "2527"]
[BlackElo "2431"]
[WhiteFideId "4125282"]
[BlackFideId "24651516"]
[EventDate "2012.07.14"]

1. e4 e6 2. d3 d5 3. Qe2 Nc6 4. Nf3 dxe4 5. dxe4 e5 6. c3 Nf6 7. Qc2 a6 8. Be2
Bd6 9. O-O O-O 10. Rd1 Qe7 11. Nbd2 Bg4 12. Nc4 Rad8 13. Bg5 h6 14. Bh4 Bc5 15.
b4 Ba7 16. a4 Qe6 17. Bxf6 Qxf6 18. Rxd8 Rxd8 19. Rd1 Rxd1+ 20. Qxd1 Be6 21. Qd3
Qf4 22. g3 Qc1+ 23. Kg2 Bxc4 24. Qxc4 Bb6 25. a5 Ba7 26. h4 Qc2 27. h5 Kh7 28.
Ng1 Kg8 29. Qd5 Qb2 30. Qd7 Qxc3 31. Qe8+ Kh7 32. Qxf7 Qd4 33. Qf5+ Kh8 34. Qf8+
Kh7 35. Qf5+ Kh8 36. Bg4 Qd8 37. Nf3 Qe8 38. Nh4 Bd4 39. Ng6+ Kg8 40. Be2 1-0

[Event "Helmut-Kohls-Turnier 2012"]
[Site "Dortmund GER"]
[Date "2012.07.19"]
[Round "6"]
[White "Schmittdiel, Eckhard"]
[Black "Loetscher, Roland"]
[Result "1/2-1/2"]
[WhiteTitle "GM"]
[BlackTitle "FM"]
[WhiteElo "2460"]
[BlackElo "2402"]
[WhiteFideId "4600096"]
[BlackFideId "1305239"]
[EventDate "2012.07.14"]

1. Nf3 d5 2. b3 Nf6 3. Bb2 g6 4. c4 dxc4 5. bxc4 Bg7 6. g3 c5 7. Bg2 Nc6 8. O-O
O-O 9. d3 Bf5 10. Nbd2 Qd7 11. Nb3 b6 12. Re1 Rad8 13. a4 a5 14. Ne5 Nxe5 15.
Bxe5 Ng4 16. Bxg7 Kxg7 17. Qc1 e5 18. Qb2 Qe7 19. Nd2 Rd6 20. Nf3 f6 21. h3 Nh6
22. Nd2 Rb8 23. g4 Bd7 24. Ne4 Re6 25. Nc3 f5 26. Nd5 Qd8 27. g5 Qxg5 28. f4 Qg3
29. e4 fxe4 30. dxe4 Nf7 31. Re3 Qh4 32. f5 Rd6 33. Rf1 g5 34. Rb3 Bc6 35. f6+
Kh6 36. Ne3 Bd7 37. Nd5 1/2-1/2

[Event "Helmut-Kohls-Turnier 2012"]
[Site "Dortmund GER"]
[Date "2012.07.20"]
[Round "7"]
[White "Orlov, Andrey"]
[Black "Becker, Marcel"]
[Result "1/2-1/2"]
[WhiteTitle "GM"]
[BlackTitle "FM"]
[WhiteElo "2527"]
[BlackElo "2427"]
[WhiteFideId "4125282"]
[BlackFideId "4628446"]
[EventDate "2012.07.14"]

1. e4 c6 2. d4 d5 3. Nc3 dxe4 4. Nxe4 Bf5 5. Ng3 Bg6 6. Nh3 e6 7. Nf4 Qh4 8. c3
Bd6 9. Ngh5 Bxh5 10. Qxh5 Qe7 11. Bc4 Nf6 12. Qe2 Nbd7 13. O-O O-O 14. Nd3 e5
15. dxe5 Nxe5 16. Nxe5 Qxe5 17. Qxe5 Bxe5 18. a4 Bc7 19. h3 Rfe8 20. Rd1 Rad8
21. Bg5 h6 22. Bxf6 gxf6 23. Kf1 Kf8 24. g3 Rxd1+ 25. Rxd1 Rd8 26. Rxd8+ Bxd8
27. f4 a5 28. Ke2 Be7 29. Bd3 Bc5 30. Bf5 Ke7 31. Be4 Ke6 32. g4 Bd6 33. Kf3 Bc5
34. h4 Bd6 35. h5 Be7 36. Bf5+ Kd6 37. Bc2 Kd7 38. Ke4 Ke8 39. Kf5 Kf8 40. Bd3
Kg7 41. Ke4 Bd6 42. Ke3 Kf8 43. Bf5 Ke8 44. Bc8 b6 45. Bb7 Kd7 46. Ba6 Be7 47.
Ke4 Ke8 48. Kf5 Bd8 49. Be2 Be7 50. Bf3 Kd7 51. Be4 Bd8 52. b4 Be7 53. bxa5 bxa5
54. Bf3 Bd8 55. Ke4 Kd6 56. Bd1 Kd7 57. Bb3 Ke8 58. Ba2 Be7 59. Kd4 Bf8 60. Bb3
Be7 1/2-1/2

[Event "Helmut-Kohls-Turnier 2012"]
[Site "Dortmund GER"]
[Date "2012.07.20"]
[Round "7"]
[White "Meins, Gerlef"]
[Black "Zaragatski, Ilja"]
[Result "1/2-1/2"]
[WhiteTitle "IM"]
[BlackTitle "IM"]
[WhiteElo "2475"]
[BlackElo "2462"]
[WhiteFideId "4620895"]
[BlackFideId "4655192"]
[EventDate "2012.07.14"]

1. d4 e6 2. Nf3 c5 3. c4 cxd4 4. Nxd4 Nf6 5. Nc3 a6 6. Bg5 Be7 7. e3 b6 8. Be2
Bb7 9. O-O O-O 10. Bf3 Ra7 11. e4 d6 12. a4 Nbd7 13. a5 Ne5 14. axb6 Ra8 15. Be2
Nxe4 16. Bxe7 Qxe7 17. Nxe4 Bxe4 18. f3 Bb7 19. Nb3 Qd8 20. Qd4 Nc6 21. Qf2 a5
22. Ra4 Qf6 23. Bd3 Ne5 24. Be2 Nc6 25. Bd3 Ne5 26. Be2 Nc6 27. Bd3 1/2-1/2